| 000 | 00639nam a2200205 a 4500 | ||
|---|---|---|---|
| 005 | 20260324064017.0 | ||
| 008 | 160408s2005 mx r 000 0 spa d | ||
| 020 | _a9806635485 | ||
| 035 | _aUPN01000209367 | ||
| 049 | _aUNE | ||
| 050 | 4 |
_aLA543 _bR3.8a |
|
| 100 | 1 |
_aRama, Claudio, _d1954- _930879 |
|
| 245 | 0 | 3 |
_aLa tercera reforma de la educación superior en América Latina / _cClaudio Rama. |
| 260 |
_aCaracas : _bUNESCO, _c2005. |
||
| 300 | _a235 p. | ||
| 440 | 0 | _aEducación Superior en Venezuela | |
| 650 | 4 |
_aEducación superior _zAmérica Latina _95753 |
|
| 650 | 4 |
_aReforma educativa _zAmérica Latina _9506 |
|
| 905 | _aLibro | ||
| 999 |
_c181468 _d181468 |
||